| 000 | 00346nam a22001457a 4500 | ||
|---|---|---|---|
| 003 | OSt | ||
| 005 | 20230703051115.0 | ||
| 008 | 230703b |||||||| |||| 00| 0 eng d | ||
| 040 | _csero soft | ||
| 100 | _aRout.Dr.Manmohan | ||
| 245 | _aKinesiology and Biomechanics | ||
| 260 |
_aNew Delhi _bSport Publication |
||
| 300 | _a339 | ||
| 942 |
_2ddc _c01 |
||
| 999 |
_c56805 _d56805 |
||